000 00703nam a22002297a 4500
003 OSt
005 20251203083751.0
008 251201b |||||||| |||| 00| 0 eng d
020 _a9780716662648
040 _aDWCL - Main
_cOC
082 _aGR 523.1 Ou93 2017
100 _aAdams, William D.
_eAuthor
245 _aOut of This World :
_bSecond-Skin Space Suit /
_cWilliam D. Adams
260 _aChicago, Illinois:
_bWorld Book, Inc.,
_cc2017
300 _a48 pages:
_bcolored illustrations;
_c26 cm
490 _aOut of This World
504 _aIncludes index.
650 _a1. Space Flight
650 _a2. Space Travel
650 _a3. Starships -- Juvenile Literature
942 _2ddc
_cGR
_n0
999 _c6673
_d6673